• 首页
  • 本馆介绍
  • 公告通知
  • 最新文献
  • 馆藏检索
  • 电子资源
  • 读者导购
  • 参考咨询
  • 我的图书馆
  • 登录
  • 详细信息显示
  • 放入我的书架
  • 预约/预借图书
  • 作者相关作品
  • 分类相关作品
  • 丛书相关作品
  • 出版社相关作品

书目信息

  • 表格格式
  • 工作单格式
  • 卡片格式
题名:
高校美育课程发展及演变研究
    
 
作者: 王风雷 编著
分册:  
出版信息: 长春   吉林大学出版社  2019
页数: 168页
开本: 24cm
丛书名:
单 册:
中图分类: G40-014
科图分类:
主题词: 美育--mei yu--教学研究--高等学校
电子资源:
ISBN: 978-7-5692-2727-7
000 01068nam0 2200241 450
001 012001002647
005 20131023172922.0
010    @a978-7-5692-2727-7@dCNY44.00
099    @aCAL 012019013675
100    @a20190225d2019 em y0chiy50 ea
101 0  @achi
102    @aCN@b220000
105    @ay z 000yy
106    @ar
200 1  @a高校美育课程发展及演变研究@Agao xiao mei yu ke cheng fa zhan ji yan bian yan jiu@f王风雷编著
210    @a长春@c吉林大学出版社@d2019
215    @a168页@d24cm
330    @a本书通过对高校公共美育课程承载的美育功能和高校公共美育课程的现状分析,提出在高校教育教学中建构科学的美育课程体系,以及对公共美育课程进行教学研究的必要性。通过高校公共美育课程教学内容的优化,教学模式的创新,考核机制的整合,结合《音乐鉴赏》课程教学的改革实践,论述了通过教学改革完善高校公共美育课程,推动学生综合素质的提升,实现美育在高校教学中的可持续发展的观点。
606 0  @a美育@Amei yu@x教学研究@x高等学校
690    @aG40-014@v5
701  0 @a王风雷@Awang feng lei@4编著
801  0 @aCN@b江苏凤凰@c20191020
905    @b1225218-20@dG40-014@e1005@f3
    
    高校美育课程发展及演变研究/王风雷编著.-长春:吉林大学出版社,2019
    168页;24cm
    
    
    ISBN 978-7-5692-2727-7:CNY44.00
    本书通过对高校公共美育课程承载的美育功能和高校公共美育课程的现状分析,提出在高校教育教学中建构科学的美育课程体系,以及对公共美育课程进行教学研究的必要性。通过高校公共美育课程教学内容的优化,教学模式的创新,考核机制的整合,结合《音乐鉴赏》课程教学的改革实践,论述了通过教学改革完善高校公共美育课程,推动学生综合素质的提升,实现美育在高校教学中的可持续发展的观点。
●
相关链接 在E读中查询图书 在五车中查询图书 在当当中查询图书 在豆瓣中查询图书


正题名:高校美育课程发展及演变研究     索取号:G40-014/1005         预约/预借

序号 登录号 条形码 馆藏地/架位号 状态 备注
1 1225218   212252186   第一样本阅览室/ [索取号:G40-014/1005] 在馆    
2 1225219   212252195   第四借阅区/ [索取号:G40-014/1005] 在馆    
3 1225220   212252202   教育系资料室/ [索取号:G40-014/1005] 在馆    
唐山师范学院图书馆 欢迎您!
大连网信软件有限公司© 版权所有